Detalles MARC
| 000 -LEADER |
| fixed length control field |
02797nas a2200289 454500 |
| 001 - CONTROL NUMBER |
| control field |
46027 |
| 005 - DATE AND TIME OF LATEST TRANSACTION |
| control field |
20260407193511.0 |
| 008 - FIXED-LENGTH DATA ELEMENTS--GENERAL INFORMATION |
| fixed length control field |
260407s1921####ag###########|||spa#d |
| 003 - CONTROL NUMBER IDENTIFIER |
| control field |
AR-UNSa-BCEJYS |
| 040 ## - CATALOGING SOURCE |
| Original cataloging agency |
AR-UNSa-BCEJYS |
| Language of cataloging |
spa |
| Transcribing agency |
AR-UNSa-BCEJYS |
| 080 ## - UNIVERSAL DECIMAL CLASSIFICATION NUMBER |
| Universal Decimal Classification number |
330 |
| Common auxiliary subdivision |
Economía en general |
| 022 ## - INTERNATIONAL STANDARD SERIAL NUMBER |
| International Standard Serial Number |
0325-3058 |
| 041 ## - LANGUAGE CODE |
| Language code of text/sound track or separate title |
spa |
| 100 1# - MAIN ENTRY--PERSONAL NAME |
| Personal name |
Colegio de Graduados en Ciencias Económicas |
| 245 10 - TITLE STATEMENT |
| Title |
Revista de Ciencias Económicas |
| 264 #1 - PRODUCTION, PUBLICATION, DISTRIBUTION, MANUFACTURE, AND COPYRIGHT NOTICE |
| Place of production, publication, distribution, manufacture |
Buenos Aires : |
| Name of producer, publisher, distributor, manufacturer |
Colegio de Graduados en Ciencias Económicas |
| Date of production, publication, distribution, manufacture, or copyright notice |
1921 |
| 310 ## - CURRENT PUBLICATION FREQUENCY |
| Current publication frequency |
Frecuencia: Trimestral<br/>Editor varía:<br/>Universidad de Buenos Aires. Facultad de Ciencias Económicas; Centro de Estudiantes y Colegio de Egresados, 1921-jun.1923<br/>Universidad de Buenos Aires.Facultad de Ciencias Económicas; Centro de estudiantes y Colegio de Graduados, jul.1923-may.1941<br/>Universidad de Buenos Aires.Facultad de Ciencias Económicas; Colegio de Graduados y Centro de Estudiantes, jun.1941-set.1943<br/>Universidad de Buenos Aires.Facultad de Ciencias Económicas; Colegio de Graduados y Estudiantes, abr.1944-jun.1946<br/>Universidad de Buenos Aires.Facultad de Ciencias Ecónomicas; Colegios de Graduados y Centro de Estudiantes de Ciencias Económicas, jul.1946-set.1948<br/>Colegio de Doctores en Ciencias Ecónomicas y Contadores Públicos Nacionales y Centro de Estudiantes de Ciencias Económicas, may.1948-abril.1952<br/>Colegio de Graduados en Ciencias Económicas y Centro de Estudiantes de Ciencias Económicas, may.1952-1957<br/>Universidad de Buenos Aires.Facultad de Ciencias Económicas; Colegio de Graduados en Ciencias Ecónomicas y Centro de Estudiantes de Ciencias Ecónomicas, ene.1958-dic.1964<br/>Colegio de Graduados en Ciencias Económicas, ene.1965-dic.1972<br/>Encuadernado con:<br/>Boletín Bibliográfico del Seminario de Economía y Finanzas, 1923-1925<br/>Dividida en:<br/>Temas de Economía, 1971-1974 n. 526-537 y Temas de Administración, 1973-1975 n. 534-539<br/>Indice 1913-1929, publicado en 1930<br/>Indice 1930-1942, publicado en 1943<br/>Indice 1913-1979, publicado en 1999<br/>Periodicidad varía:<br/>Mensual, 1921-1947; Bimestral, 1948-1957; Cuatrimestral, 1958-1961; Semestral, 1962-1966.<br/>Título varía:<br/>Serie 1, 1921.; Serie 2, 1922-1948.; Serie 3, 1948-1957.; Serie 4, 1958-1968.; Serie 5, 1968-1970.; Serie 6, 1971-1972.; Serie 7, 1973.; Serie 8, 1974.; Serie 9, 1975<br/>ISSN varía:<br/>TEMAS DE ECONOMIA 0325-0822, 1971-1975 ; ECONOMIA 0325-0830, 1973-1976; TEMAS DE ADMINISTRACION 0325-0814, 1973-1976 |
| 590 ## - LOCAL NOTE (RLIN) |
| Local note |
niveau_biblio:s niveau_hierar:1 |
| 650 ## - SUBJECT ADDED ENTRY--TOPICAL TERM |
| Topical term or geographic name entry element |
CONTABILIDAD |
| 650 ## - SUBJECT ADDED ENTRY--TOPICAL TERM |
| Topical term or geographic name entry element |
Microeconomía |
| 650 ## - SUBJECT ADDED ENTRY--TOPICAL TERM |
| Topical term or geographic name entry element |
Macroeconomía |
| 650 ## - SUBJECT ADDED ENTRY--TOPICAL TERM |
| Topical term or geographic name entry element |
Legislación |
| 650 ## - SUBJECT ADDED ENTRY--TOPICAL TERM |
| Topical term or geographic name entry element |
IMPUESTOS |
| 650 ## - SUBJECT ADDED ENTRY--TOPICAL TERM |
| Topical term or geographic name entry element |
ECONOMIA |
| 856 41 - ELECTRONIC LOCATION AND ACCESS |
| Uniform Resource Identifier |
<a href="https://www.biblioeco.unsa.edu.ar/pmb/images/revistas/R21835.jpg">https://www.biblioeco.unsa.edu.ar/pmb/images/revistas/R21835.jpg</a> |
| Link text |
Imagen de portada |
| Electronic format type |
image/jpeg |
| 942 ## - ADDED ENTRY ELEMENTS (KOHA) |
| Koha item type |
|